00282nam a22001097a 4500003000400000005001700004008004100021040000600062082001700068245007500085260001200160OSt20250210115002.0250210b |||||||| |||| 00| 0 eng d c  a629.892bYAS aFirst course in aerial robots and dronescYasmina Bes.SebbanehEnglish bchapman